Défi Éclair de divisions – Mort subite - Statistiques

Statistiques générales
  • Ce quiz a été pris 188 fois
  • Le résultat moyen est 13 sur 50
Statistiques - réponses
Hint Réponse % Correct
9÷1 9
45%
24÷6 4
40%
90÷10 9
40%
9÷3 3
38%
45÷9 5
38%
12÷2 6
37%
64÷8 8
36%
42÷7 6
35%
49÷7 7
35%
21÷7 3
33%
10÷10 1
32%
27÷9 3
32%
12÷3 4
32%
15÷3 5
32%
16÷2 8
32%
72÷8 9
32%
18÷9 2
31%
8÷2 4
31%
48÷8 6
31%
60÷10 6
31%
14÷2 7
31%
18÷2 9
31%
50÷10 5
30%
24÷4 6
30%
16÷4 4
29%
18÷3 6
29%
72÷9 8
29%
54÷6 9
29%
14÷7 2
28%
40÷10 4
28%
6÷3 2
27%
12÷4 3
27%
20÷5 4
27%
5÷1 5
27%
81÷9 9
27%
15÷5 3
26%
28÷7 4
26%
20÷4 5
26%
40÷5 8
26%
36÷4 9
26%
8÷4 2
25%
4÷1 4
25%
80÷10 8
25%
16÷8 2
24%
63÷9 7
24%
42÷6 7
24%
27÷3 9
24%
4÷2 2
23%
36÷6 6
23%
10÷5 2
22%
6÷2 3
22%
32÷8 4
22%
25÷5 5
22%
6÷1 6
22%
21÷3 7
22%
7÷1 7
22%
12÷6 2
21%
30÷5 6
21%
56÷8 7
21%
56÷7 8
21%
32÷4 8
21%
63÷7 9
21%
2÷1 2
20%
54÷9 6
20%
8÷1 8
20%
24÷8 3
19%
18÷6 3
19%
3÷1 3
19%
30÷6 5
19%
10÷2 5
19%
35÷5 7
19%
24÷3 8
19%
20÷10 2
18%
28÷4 7
18%
45÷5 9
17%
30÷10 3
16%
35÷7 5
15%
48÷6 8
15%
70÷10 7
14%
36÷9 4
6%
40÷8 5
5%
Aucun quiz correspondant
Distribution des résultats
% des personnes avec chaque résultat
Percentile par nombre de réponses
Votre historique - résultats
Vous n’avez pas pris ce quiz